Normal view
MARC view
- Lemoine, Nicholas R
Entry Personal Name
001 - CONTROL NUMBER
- control field: 88682
003 - CONTROL NUMBER IDENTIFIER
- control field: NUST
005 - DATE AND TIME OF LATEST TRANSACTION
- control field: 20220131154752.0
008 - FIXED-LENGTH DATA ELEMENTS
- fixed length control field: 220131|| aca||aabn | a|a d
040 ## - CATALOGING SOURCE
- Original cataloging agency: NUST
- Transcribing agency: NUST
100 ## - HEADING--PERSONAL NAME
- Personal name: Lemoine, Nicholas R
670 ## - SOURCE DATA FOUND
- Source citation: Work cat.: (NUST)587633: Understanding gene therapy /, 1999.
